000 00778cab a2200205 4500
001 ABS38960
008 090401t1988 xxu||||| |||| 00| 0 eng d
035 _a(Sirsi) u13515
041 _aeng
100 _aBaker, B.
245 _aProfessional offices : judged by appearance
260 _c1988
350 _a0
490 _aSolicitors` Journal
_v132(12) 25 March 1988, 410-411(2)
520 _aProfessional firms are becoming increasingly aware of the importance of office design in marketing their services. This article describes the refurbishment of an old 1920s building into modern attractive office premises for Savills .
650 _aABOUT RICS-RICS MEMBERS
690 _aMANAGEMENT-BUSINESS MANAGEMENT-PROFESSIONAL PRACTICE
942 _n0
948 _c04/03/1997
999 _c8708
_d8708